000 01110cam a2200313 i 4500
001 2269757
003 OSt
005 20230608111713.0
008 780825s1975 ie a b 001 0 eng
010 _a 78311261
015 _aIr***
020 _c£0.50
040 _aDLC
_cDLC
_dDLC
043 _ae-ie---
050 0 0 _aDA995.D9
_bL47
082 0 0 _a328
_bGRI
100 1 _aTobin, John R.
245 1 0 _aLeinster House :
_bseat of Dáil Éireann, Seanad Éireann /
_cJohn R. Tobin ; designer, Jan de Fouw ; photographer, James Bambury.
260 _a[Dublin :
_bStationery Office : sold by Govt. Publications Sale Office,
_c1975?]
300 _a72 p. :
_bill. (some col.) ;
_c21 cm.
500 _a"Designed as a successor to Tigh Laighean-Leinster House written by the late Mícheál Mac Críosta."
500 _aIncludes index.
504 _aBibliography: p. 66.
610 2 0 _aLeinster House (Dublin, Ireland)
651 0 _aDublin (Ireland)
_xBuildings, structures, etc.
700 1 _aMacCríosta, Micheál.
_tTigh Laighean.
906 _a7
_bcbc
_corignew
_d4
_encip
_f19
_gy-gencatlg
942 _2ddc
_cBK
999 _c846
_d846